000 01566cam a22002294a 4500
005 20250605164212.0
008 250528s ||||||||||||||||||||||||d
035 _a20296
020 _a39202262
040 _aGR-AtMCL
_bgre
_dGR-AtMCL
_eAACR2
245 1 _aFinancial Accountings / An Introduction to Concepts, Methods, and Uses
260 _bHolt, Rinehart And Winston Of Canada,
_c1982
300 _a786
520 _aOverview of Financial Statements, Overview of Financial Statements and Reporting Process, Accounting Concepts and Methods, Measuring Financial Position - Valuation Principles and Accounting Procedures, Income Statement Measurement Principles and Accounting Procedures, Income Statement - Extensions of the Accrual Concept, Flows of Funds and the Statement of Changes in Financial Position, Introduction to Financial Statement Analysis, Measuring and Reporting Assets and Equities, Cash and Temporary Investments and Receivables, Inventories and Cost of Goods Sold, Long-Lived Assets and Amortization Expense, Liabilities: Introduction, Liabilities: A Closer Look, Owners' Equity, Long-Term Investments in Corporate Securities, Accounting for the Effects of Changing Prices, Synthesis, Appendices, Significance and Implications of Alternative Accounting Policies, Corporate Financial Statements Illustrated and Annotated, Glossary, Index
700 1 _aDavidson Sidney
_96301
700 1 _aMitchell L. C
_96302
700 1 _aStickney Clyde P
_96303
700 1 _aWeil L. Roman
_96304
942 _cBK
999 _c5420
_d5420